|
|
|
|
| LEADER |
00000nab a2200000 a 4500 |
| 001 |
vtls009152304 |
| 003 |
SK-MaSNL |
| 005 |
20260304151427.0 |
| 008 |
250506c2007 xo mr|p|||||||000 b|slo |
| 015 |
|
|
|a SNBRB2007/10
|2 snkbucl
|
| 035 |
|
|
|a (uuid)e39344ac-102e-4904-93d8-df84ec6f32c7
|
| 035 |
|
|
|a urn:nbn:sk:snk-ab9x4l
|
| 035 |
|
|
|a (urnnbn)urn:nbn:sk:snk:ar-a09351
|
| 038 |
|
|
|a SNKBUCL
|
| 040 |
|
|
|a SNKBUCL
|b slo
|c SNKBUCL
|e AACR2
|
| 041 |
0 |
|
|a slo
|
| 044 |
|
|
|a xo
|c SK
|
| 080 |
|
|
|a 821.162.4-1
|2 2001
|
| 100 |
1 |
|
|a Farárik, Peter,
|d 1982-
|4 aut
|9 1472862
|
| 245 |
1 |
0 |
|a Pod sukňou
|b Letná selanka
|c Peter Farárik
|
| 650 |
0 |
7 |
|a lyrické básne, slovenské
|2 snkbucl
|9 28980
|
| 773 |
0 |
|
|t RAK
|g Roč. XII, č. 6 (2007), s. 34-35
|x 1335-1702
|
| 850 |
|
|
|a Slovenská národná knižnica
|
| 852 |
|
|
|a Slovenská národná knižnica
|
| 958 |
|
|
|a article13
|
| 958 |
|
|
|a OND
|
| 958 |
|
|
|a LX
|
| 958 |
|
|
|a SK
|
| 958 |
|
|
|a EUIPO
|
| 999 |
|
|
|c 2943552
|d 2945482
|